| Tag |
First Indicator |
Second Indicator |
Subfields |
| LEADER |
00000cam a2200000 a 4500 |
| 001 |
in00000008277 |
| 005 |
20151002080033.0 |
| 008 |
861017s1729 enk 00000 eng d |
| 035 |
|
|
|a (OCoLC)14407929
|
| 035 |
|
|
|9 AAA0655AM
|
| 040 |
|
|
|a MUU
|c MUU
|d TXA
|d UtOrBLW
|
| 049 |
|
|
|a TXAS
|c [A09891837]
|
| 050 |
|
4 |
|a D288
|b .M68 1729
|
| 245 |
0 |
4 |
|a The motives and designs of the Vienna Alliance examined in a letter to Mr. D'Anvers.
|
| 264 |
|
3 |
|a London :
|b Printed for J. Roberts,
|c 1729.
|
| 300 |
|
|
|a 29 pages ;
|c 21 cm.
|
| 336 |
|
|
|a text
|b txt
|2 rdacontent
|
| 337 |
|
|
|a unmediated
|b n
|2 rdamedia
|
| 338 |
|
|
|a volume
|b nc
|2 rdacarrier
|
| 500 |
|
|
|a D'Anvers is a pseudonym used by contributors of the Craftsman, Henry Saint-John, Bolingbroke, W. Pulteney, and Nicholas Amhurst.
|
| 510 |
4 |
|
|a ESTC
|c N019390
|
| 520 |
|
|
|a Three agreements were signed between Spain and the Empire between April 30 and June 7, 1725. One of alliance, one of commerce and navigation and the third of peace on November 5, of the same year. Cf. Hargreaves-Mawdsley, W.N. Eighteenth-century Spain 1700-1788, p. 57.
|
| 630 |
0 |
0 |
|a Treaty of Vienna
|d (1725)
|
| 651 |
|
0 |
|a Great Britain
|x Foreign relations
|y 1714-1727.
|
| 651 |
|
0 |
|a Spain
|x Foreign relations
|z Holy Roman Empire.
|
| 651 |
|
0 |
|a Holy Roman Empire
|x Foreign relations
|x Spain.
|
| 999 |
|
|
|a MARS
|
| 999 |
f |
f |
|s 6370a431-7781-341f-959e-09926c48c825
|i 45cc9ab0-6039-32ee-825a-0c95ba7c3a68
|t 0
|
| 952 |
f |
f |
|p noncirc
|a Texas A&M University
|b College Station
|c Cushing Memorial Library & Archives
|d Cushing: Rare Books (Does not check out)
|t 0
|e D288 .M68 1729
|h Library of Congress classification
|i unmediated -- volume
|m A14852122309
|
| 998 |
f |
f |
|a D288 .M68 1729
|t 0
|l Cushing: Rare Books (Does not check out)
|